[Event "IX Êóáîê Ãóáåðíàòîðà ÕÌÀÎ-Þãðû òóðíèð À"]
[Site "Õàíòû-Ìàíñèéñê, Russia"]
[Date "2013.11.29"]
[Round "2"]
[White "Ôðîëüÿíîâ Äìèòðèé"]
[Black "Ñþãèðîâ Ñàíàí"]
[Result "1-0"]
[WhiteElo "2561"]
[BlackElo "2641"]
[Annotator ""]
[Source ""]
[Remark ""]

1.e4 c5 2.Nf3 e6 3.d4 cxd4 4.Nxd4 a6 5.Bd3 Bc5 6.Nb3 Be7 7.Qg4
g6 8.Qe2 d6 9.O-O Nd7 10.Nc3 Qc7 11.Bd2 b6 12.Rae1 Bb7 13.f4
h5 14.h3 Ngf6 15.e5 dxe5 16.fxe5 Nd5 17.Ne4 O-O 18.c4 Nb4 19.Nf6+
Bxf6 20.exf6 Nxd3 21.Qxd3 Qc6 22.Re2 e5 23.Bb4 Rfc8 24.Be7 Nf8
25.Qd2 Kh7 26.Rxe5 Ne6 27.c5 a5 28.Rf2 bxc5 29.Qe2 Kh6 30.Rxe6
fxe6 31.f7 Rf8 32.Nxc5 e5 33.Qxe5 Qd5 34.Qe3+ Kh7 35.Bxf8 Rxf8
36.Ne6 1-0

[Event "IX Êóáîê Ãóáåðíàòîðà ÕÌÀÎ-Þãðû òóðíèð À"]
[Site "Õàíòû-Ìàíñèéñê, Russia"]
[Date "2013.11.29"]
[Round "2"]
[White "Ãîãàíîâ Àëåêñåé"]
[Black "Êàíòåð Ýäóàðä"]
[Result "1/2-1/2"]
[WhiteElo "2581"]
[BlackElo "2407"]
[Annotator ""]
[Source ""]
[Remark ""]

1.Nf3 d5 2.d4 e6 3.c4 c5 4.cxd5 exd5 5.g3 Nf6 6.Bg2 Be7 7.O-O
O-O 8.Nc3 Nc6 9.Bg5 c4 10.Ne5 Be6 11.b3 Rc8 12.bxc4 dxc4 13.Nxc6
bxc6 14.e3 Qa5 15.Ne4 Nxe4 16.Bxe7 Rfe8 17.Bxe4 Rxe7 18.Qc2 g6
19.Bg2 Bd5 20.Rfc1 Rb7 21.e4 Be6 22.Bf1 Rcb8 23.Bxc4 Rb2 24.Qd1
Rd2 25.Qe1 Rbb2 26.Bxe6 fxe6 27.Rd1 Rxf2 28.Qxf2 Rxf2 29.Kxf2
e5 30.dxe5 Qc5+ 31.Kf3 Qxe5 32.Rd8+ Kg7 33.Rd7+ Kh6 34.Rad1 Qh5+
35.Kf4 Qg5+ 36.Kf3 Qh5+ 37.Kf4 Qg5+ 38.Kf3 1/2-1/2

[Event "IX Êóáîê Ãóáåðíàòîðà ÕÌÀÎ-Þãðû òóðíèð À"]
[Site "Õàíòû-Ìàíñèéñê, Russia"]
[Date "2013.11.29"]
[Round "2"]
[White "Êîðíååâ Îëåã"]
[Black "Ãîðäèåâñêèé Äìèòðèé"]
[Result "1/2-1/2"]
[WhiteElo "2637"]
[BlackElo "2448"]
[Annotator ""]
[Source ""]
[Remark ""]

1.e4 c5 2.Nf3 d6 3.d4 cxd4 4.Nxd4 Nf6 5.Nc3 a6 6.Be3 e5 7.Nf3
Be7 8.Bc4 O-O 9.O-O Nc6 10.Bb3 h6 11.Nh4 Na5 12.Ng6 Nxb3 13.Bb6
Qe8 14.Nxe7+ Qxe7 15.axb3 Qd7 16.f3 Qc6 17.Bf2 Be6 18.Bh4 g5
19.Bg3 Nh5 20.Rf2 Rad8 21.Rd2 f5 22.exf5 Bxf5 23.Qe2 Kh7 24.Rad1
Rd7 25.Qc4 Rfd8 26.Nd5 Qxc4 27.bxc4 e4 28.Ne3 Bg6 29.Rxd6 Rxd6
30.Rxd6 Rxd6 31.Bxd6 exf3 32.gxf3 Ng7 33.c5 Nf5 34.Nc4 Nd4 35.Na5
Nxf3+ 36.Kf2 Nd4 37.c3 Nc6 38.Nxb7 Kg7 39.b4 Kf7 40.Ke3 Ke6 41.Bg3
h5 42.Nd6 h4 43.Be1 Ne5 44.c4 Ng4+ 45.Kf3 Nxh2+ 46.Kg2 Ng4 47.Bd2
h3+ 48.Kxh3 Nf2+ 49.Kg3 Ne4+ 50.Nxe4 Bxe4 1/2-1/2

[Event "IX Êóáîê Ãóáåðíàòîðà ÕÌÀÎ-Þãðû òóðíèð À"]
[Site "Õàíòû-Ìàíñèéñê, Russia"]
[Date "2013.11.29"]
[Round "2"]
[White "Ïàñèåâ Ðàõèì"]
[Black "Äæóìàáàåâ Ðèíàò"]
[Result "1/2-1/2"]
[WhiteElo "2405"]
[BlackElo "2561"]
[Annotator ""]
[Source ""]
[Remark ""]

1.e4 c5 2.Nf3 d6 3.Bb5+ Nd7 4.O-O Ngf6 5.Re1 a6 6.Bf1 b6 7.c3
Bb7 8.d3 e5 9.Nbd2 Be7 10.d4 cxd4 11.cxd4 exd4 12.Nxd4 O-O 13.b3
Re8 14.Bb2 Bf8 15.Nf5 g6 16.Ng3 h5 17.Nf3 Bg7 18.Qxd6 Nxe4 19.Nxe4
Bxb2 20.Bc4 Bxe4 21.Rxe4 Ne5 22.Qxd8 Raxd8 23.Rae1 b5 24.Bf1
Nxf3+ 25.gxf3 Rxe4 26.fxe4 Be5 27.a4 bxa4 28.bxa4 a5 29.Bc4 Rd4
30.Bb5 Kg7 31.Kg2 Kf6 32.h4 Rb4 33.Kf3 Bd4 34.Kg3 Be5+ 35.Kf3
Bd4 36.Kg3 Rb3+ 37.Kg2 Ke5 38.Bc4 Rb6 39.Kg3 Rc6 40.Bb5 Rc3+
41.f3 Ke6 42.Re2 Be5+ 43.Kg2 Bf4 44.Be8 Rc8 45.Bb5 Ke5 46.Ba6
Rc1 47.Bb7 Rc4 48.Bd5 Rxa4 49.Bxf7 Kf6 50.Be8 Rc4 51.Rb2 Bc7
52.Kf2 Rc3 53.Rb7 Ke5 54.Bxg6 Kf4 55.Ke2 a4 56.Bxh5 a3 57.Ra7
Be5 58.Bg4 Rb3 59.Be6 Re3+ 60.Kd2 Bc3+ 61.Kc2 Bd4 62.Rf7+ Kg3
63.h5 Rxf3 64.Rxf3+ Kxf3 65.Bd5 Kg4 66.h6 1/2-1/2

[Event "IX Êóáîê Ãóáåðíàòîðà ÕÌÀÎ-Þãðû òóðíèð À"]
[Site "Õàíòû-Ìàíñèéñê, Russia"]
[Date "2013.11.29"]
[Round "2"]
[White "Þäèí Ñåðãåé"]
[Black "Þôôà Äàíèèë"]
[Result "1-0"]
[WhiteElo "2548"]
[BlackElo "2368"]
[Annotator ""]
[Source ""]
[Remark ""]

1.e4 c5 2.Nf3 Nc6 3.Bb5 e6 4.O-O Nge7 5.Re1 a6 6.Bf1 Ng6 7.c3
Be7 8.d4 cxd4 9.cxd4 d5 10.e5 O-O 11.Nc3 f6 12.exf6 Bxf6 13.Be3
Bd7 14.g3 Be8 15.h4 h6 16.Rc1 Nge7 17.Ne2 Bh5 18.Nf4 Bg4 19.Bh3
Bxh3 20.Nxh3 Nf5 21.Nf4 Qd7 22.Ng6 Rf7 23.g4 Nd6 24.g5 hxg5 25.hxg5
Bd8 26.Rxc6 Qxc6 27.Nfe5 1-0

[Event "IX Êóáîê Ãóáåðíàòîðà ÕÌÀÎ-Þãðû òóðíèð À"]
[Site "Õàíòû-Ìàíñèéñê, Russia"]
[Date "2013.11.29"]
[Round "2"]
[White "Øèíêåâè÷ Âèòàëèé"]
[Black "Àðñëàíîâ Øàìèëü"]
[Result "1-0"]
[WhiteElo "2468"]
[BlackElo "2411"]
[Annotator ""]
[Source ""]
[Remark ""]

1.d4 d6 2.Nf3 Bg4 3.c4 Nd7 4.Nc3 e5 5.g3 Bxf3 6.exf3 exd4 7.Qxd4
Ne7 8.Bh3 Nc6 9.Qe3+ Be7 10.O-O O-O 11.Nd5 Nde5 12.b3 Bf6 13.Rb1
Nd4 14.f4 Nef3+ 15.Kh1 Re8 16.Qd3 c6 17.Ne3 Qa5 18.Bg4 Ne1 19.Qd1
Qxa2 20.Bb2 Rxe3 21.fxe3 Ndc2 22.Bxf6 Nxe3 23.Rb2 Qxb2 24.Bxb2
Nxd1 25.Bxd1 Nd3 26.Ba3 1-0

[Event "IX Êóáîê Ãóáåðíàòîðà ÕÌÀÎ-Þãðû òóðíèð À"]
[Site "Õàíòû-Ìàíñèéñê, Russia"]
[Date "2013.11.29"]
[Round "2"]
[White "Ñàäóàêàñîâà Äèíàðà"]
[Black "Áåëÿêîâ Áîãäàí"]
[Result "1-0"]
[WhiteElo "2357"]
[BlackElo "2454"]
[Annotator ""]
[Source ""]
[Remark ""]

1.e4 e5 2.Nf3 Nc6 3.Bb5 Nf6 4.d3 Bc5 5.O-O d6 6.c3 O-O 7.Bg5
h6 8.Bh4 Qe7 9.Nbd2 Nd8 10.d4 Bb6 11.dxe5 dxe5 12.Bg3 Bg4 13.h3
Bh5 14.Qc2 c6 15.Be2 Bc7 16.Nc4 Bg6 17.Bd3 Nd7 18.Nh4 Ne6 19.Ne3
Nf4 20.Bc4 Kh7 21.Rad1 Nf6 22.Nhf5 Bxf5 23.exf5 e4 24.Ng4 Nxh3+
25.gxh3 Bxg3 26.fxg3 Rad8 27.Qe2 a5 28.Nxf6+ gxf6 29.Qe3 a4 30.a3
Rg8 31.Kg2 h5 32.Rxd8 Rxd8 33.Rf4 Qe5 34.Rxe4 Rd2+ 35.Kg1 Rd1+
36.Kh2 Qxf5 37.Be2 Rb1 38.Rf4 Qg6 39.Bd3 Rxb2+ 40.Kg1 Rb1+ 41.Kf2
Rb2+ 42.Ke1 1-0

[Event "IX Êóáîê Ãóáåðíàòîðà ÕÌÀÎ-Þãðû òóðíèð À"]
[Site "Õàíòû-Ìàíñèéñê, Russia"]
[Date "2013.11.30"]
[Round "3"]
[White "Ìàëåòèí Ïàâåë"]
[Black "Õèñìàòóëëèí Äåíèñ"]
[Result "0-1"]
[WhiteElo "2598"]
[BlackElo "2674"]
[Annotator ""]
[Source ""]
[Remark ""]

1.d4 Nf6 2.c4 e6 3.Nc3 Bb4 4.Qc2 O-O 5.Nf3 d6 6.Bg5 Nbd7 7.e3
b6 8.Bd3 h6 9.Bh4 Bb7 10.O-O Bxc3 11.bxc3 Qe7 12.Nd2 g5 13.Bg3
Nh5 14.e4 e5 15.f3 Qf6 16.Bf2 Nf4 17.Rfe1 Qg6 18.Nf1 Nxd3 19.Qxd3
f5 20.exf5 Qxf5 21.Qxf5 Rxf5 22.Ne3 Rff8 23.h4 Rae8 24.hxg5 hxg5
25.Ng4 e4 26.fxe4 Rf4 27.Ne3 Rfxe4 28.Nf1 Nf6 29.Ng3 Rg4 30.Rxe8+
Nxe8 31.Re1 Kf7 32.Kh2 Nf6 33.Re2 Ba6 34.Nf5 Re4 35.Rxe4 Nxe4
36.Be1 Bxc4 37.a3 Ke6 38.Ne3 Be2 39.Kg1 c5 40.dxc5 dxc5 41.Nc2
Kd5 42.Ne3+ Kc6 0-1

[Event "IX Êóáîê Ãóáåðíàòîðà ÕÌÀÎ-Þãðû òóðíèð À"]
[Site "Õàíòû-Ìàíñèéñê, Russia"]
[Date "2013.11.30"]
[Round "3"]
[White "Ìàòèíÿí Íèêèòà"]
[Black "Õàéðóëëèí Èëüäàð"]
[Result "0-1"]
[WhiteElo "2481"]
[BlackElo "2653"]
[Annotator ""]
[Source ""]
[Remark ""]

1.e4 c6 2.d4 d5 3.e5 Bf5 4.Nf3 e6 5.Be2 c5 6.c4 dxc4 7.Nc3 Nc6
8.d5 exd5 9.Nxd5 Nge7 10.Bxc4 Be4 11.Nxe7 Qxd1+ 12.Kxd1 Bxe7
13.Re1 O-O-O+ 14.Ke2 Bxf3+ 15.Kxf3 Nd4+ 16.Kg3 Nc2 17.Be3 Nxa1
18.Rxa1 f6 19.e6 Bd6+ 20.f4 g5 21.Rc1 gxf4+ 22.Bxf4 Rhg8+ 23.Kf3
Bxf4 24.Kxf4 Rg5 0-1

[Event "IX Êóáîê Ãóáåðíàòîðà ÕÌÀÎ-Þãðû òóðíèð À"]
[Site "Õàíòû-Ìàíñèéñê, Russia"]
[Date "2013.11.30"]
[Round "3"]
[White "Øèìàíîâ Àëåêñàíäð"]
[Black "Áóêàâøèí Èâàí"]
[Result "1-0"]
[WhiteElo "2650"]
[BlackElo "2578"]
[Annotator ""]
[Source ""]
[Remark ""]

1.d4 d5 2.c4 e6 3.Nf3 c6 4.e3 Nf6 5.Bd3 Nbd7 6.b3 Bd6 7.Bb2 b6
8.O-O Bb7 9.Nbd2 O-O 10.Ne5 Qe7 11.f4 Ba3 12.Bxa3 Qxa3 13.Qc2
h6 14.cxd5 exd5 15.Bf5 Qe7 16.g4 g6 17.g5 gxf5 18.Qxf5 Bc8 19.gxf6
Nxf6 20.Qd3 Bd7 21.Kh1 Kh8 22.f5 Rg8 23.e4 Be8 24.Rg1 dxe4 25.Nxe4
Nxe4 26.Qxe4 Qd6 27.Rxg8+ Kxg8 28.Rg1+ Kf8 29.Qf4 Ke7 30.Re1
Qd5+ 31.Nf3+ Kd8 32.Re5 Qd7 33.Qh4+ Kc8 34.Re7 Qd8 35.Qe4 Bd7
36.Rxf7 Be8 37.Re7 Bd7 38.f6 Qf8 39.Rxd7 Kxd7 40.Ne5+ Kd8 41.Qxc6 1-0

[Event "IX Êóáîê Ãóáåðíàòîðà ÕÌÀÎ-Þãðû òóðíèð À"]
[Site "Õàíòû-Ìàíñèéñê, Russia"]
[Date "2013.11.30"]
[Round "3"]
[White "Ïîíêðàòîâ Ïàâåë"]
[Black "Àðòåìüåâ Âëàäèñëàâ"]
[Result "1/2-1/2"]
[WhiteElo "2603"]
[BlackElo "2570"]
[Annotator ""]
[Source ""]
[Remark ""]

1.e4 c5 2.Nf3 d6 3.d4 cxd4 4.Nxd4 Nf6 5.Nc3 a6 6.Be3 e6 7.f3
b5 8.Qd2 b4 9.Na4 Nbd7 10.g4 h6 11.O-O-O Ne5 12.Qxb4 Bd7 13.Bf4
Rb8 14.Qa3 Qc7 15.Nc3 Qb6 16.Bxa6 Ra8 17.Ndb5 Nc4 18.Qa4 Na5
19.Bxd6 Rxa6 20.Kb1 Qb7 21.Qb4 Bxd6 22.Qxd6 Rc6 23.Qb4 Qb6 24.Na4
Qf2 25.Qxa5 O-O 26.Qd2 Qxf3 27.Nd4 Qxe4 28.Nxc6 Bxc6 29.Nc3 Qxg4
30.Rhg1 Qh5 31.Qd4 Kh7 32.a4 Qxh2 33.Rd2 Qh5 34.Qd6 Rc8 35.Rh2
Qf3 36.Qd2 Ng4 37.Rhg2 h5 38.Rg3 Qf5 39.b4 Ba8 40.Kb2 e5 41.Nb5
e4 42.Rc3 e3 43.Qd4 Rxc3 44.Qxc3 Qf2 45.Rd1 Be4 46.Qc4 e2 47.Qxe4+
f5 48.Qh1 exd1Q 49.Qxh5+ 1/2-1/2

[Event "IX Êóáîê Ãóáåðíàòîðà ÕÌÀÎ-Þãðû òóðíèð À"]
[Site "Õàíòû-Ìàíñèéñê, Russia"]
[Date "2013.11.30"]
[Round "3"]
[White "Àëåêñàíäðîâ Àëåêñåé"]
[Black "Áî÷àðîâ Äìèòðèé"]
[Result "1/2-1/2"]
[WhiteElo "2586"]
[BlackElo "2602"]
[Annotator ""]
[Source ""]
[Remark ""]

1.d4 Nf6 2.c4 e6 3.Nc3 Bb4 4.e3 O-O 5.Bd3 d5 6.cxd5 exd5 7.Nge2
Re8 8.O-O Bf8 9.a3 Nbd7 10.b4 a5 11.Rb1 c6 12.f3 b6 13.Qb3 Bb7
14.Kh1 axb4 15.axb4 Rb8 16.Nf4 g5 17.Nfe2 c5 18.Bf5 cxb4 19.Na2
Ba6 20.Bd3 Qc8 21.Bxa6 Qxa6 22.Re1 Qc4 23.Nxb4 Qxb3 24.Rxb3 Bxb4
25.Rxb4 Rec8 26.Rb2 Kg7 27.Bd2 Rc4 28.g4 Rbc8 29.Ng3 Ne8 30.Nf5+
Kf6 31.e4 dxe4 32.fxe4 Rc2 33.Reb1 Rxb2 34.Rxb2 Rc4 35.Kg2 h6
36.Nxh6 Nd6 37.e5+ Kg6 38.Ng8 Nc8 39.Be3 Kg7 40.Nf6 Nxf6 41.exf6+
Kxf6 42.Rb5 Nd6 43.Bxg5+ Ke6 44.Re5+ Kd7 45.Bf6 b5 46.h4 b4 47.h5
b3 48.Re7+ Kc6 49.Re2 Rc2 50.Kf3 Rxe2 51.Kxe2 Ne4 52.d5+ Kxd5
53.Bb2 Ke6 54.h6 Ng5 55.Ke3 f6 56.Kf4 Nh3+ 57.Ke4 Ng5+ 58.Kf4
Nh3+ 1/2-1/2

[Event "IX Êóáîê Ãóáåðíàòîðà ÕÌÀÎ-Þãðû òóðíèð À"]
[Site "Õàíòû-Ìàíñèéñê, Russia"]
[Date "2013.11.30"]
[Round "3"]
[White "Àëåêñååâ Åâãåíèé"]
[Black "Ïîòàïîâ Ïàâåë"]
[Result "0-1"]
[WhiteElo "2698"]
[BlackElo "2468"]
[Annotator ""]
[Source ""]
[Remark ""]

1.e4 c5 2.Nf3 e6 3.d4 cxd4 4.Nxd4 a6 5.Bd3 Bc5 6.Nb3 Be7 7.Qg4
Bf6 8.Qg3 Nc6 9.N1d2 d6 10.Nc4 e5 11.Be3 Be6 12.Nb6 Rb8 13.O-O
Nge7 14.Rad1 O-O 15.c3 Ng6 16.Bc4 Nf4 17.Qf3 Qc7 18.Rd2 Ne7 19.Na5
Bg5 20.Bxe6 fxe6 21.Qg4 Rf6 22.Nac4 Rg6 23.Rxd6 Bf6 24.Qd1 Rxg2+
25.Kh1 Neg6 26.Rg1 Rxg1+ 27.Kxg1 Rf8 28.Rd7 Qc6 29.f3 Bg5 30.Bxf4
Qc5+ 31.Kf1 Rxf4 32.Rd3 Rh4 33.Qc2 Qf8 34.Nd7 Qf4 35.Kg1 Rh3
36.Qg2 Qc1+ 37.Qf1 Qxf1+ 38.Kxf1 Rxh2 39.Kg1 Rc2 40.Rd1 Nf4 41.Kf1
Bh4 42.Ndxe5 Rf2+ 43.Kg1 h5 44.Nd3 Ne2+ 45.Kh1 Rxf3 46.Nce5 Re3
47.c4 Ng3+ 48.Kg2 Nxe4 49.b4 Bf6 50.Nd7 h4 51.Nf4 Rg3+ 52.Kh2
Ng5 53.Nxf6+ gxf6 54.Nh5 Ra3 55.Rd7 Rxa2+ 56.Kg1 Ne4 57.c5 h3
58.Rxb7 Rg2+ 59.Kf1 Rg5 60.Rb8+ Kh7 61.Rb7+ Kh6 0-1

[Event "IX Êóáîê Ãóáåðíàòîðà ÕÌÀÎ-Þãðû òóðíèð À"]
[Site "Õàíòû-Ìàíñèéñê, Russia"]
[Date "2013.11.30"]
[Round "3"]
[White "Èñêóñíûõ Ñåðãåé"]
[Black "Âîëêîâ Ñåðãåé"]
[Result "1/2-1/2"]
[WhiteElo "2471"]
[BlackElo "2615"]
[Annotator ""]
[Source ""]
[Remark ""]

1.d4 d5 2.c4 c6 3.Nf3 Nf6 4.e3 Bf5 5.Nc3 e6 6.Nh4 Bg6 7.Nxg6
hxg6 8.Bd2 Nbd7 9.g3 Be7 10.b3 a6 11.Bg2 b5 12.O-O O-O 13.Qe2
Re8 14.Rfc1 Rc8 15.Be1 Ba3 16.Rd1 Qc7 17.Rab1 Bf8 18.f4 dxc4
19.bxc4 b4 20.Ne4 Nxe4 21.Bxe4 c5 22.Bf3 cxd4 23.Bxb4 dxe3 24.Bxf8
Nxf8 25.Bb7 Rcd8 26.Bxa6 Qa7 27.Bb5 Rd2 28.Rxd2 exd2+ 29.Qf2
Qxa2 30.Rd1 Rd8 31.c5 Qc2 32.Be2 e5 33.fxe5 Ne6 34.Rf1 Ng5 35.Qe3
d1Q 36.Bxd1 Nh3+ 37.Kh1 Rxd1 38.Rxd1 Nf2+ 39.Kg1 Nxd1 40.Qd4
g5 41.c6 Nc3 42.Qd8+ Kh7 43.c7 Ne4 44.Qd4 f5 45.exf6 Nxf6 46.Qd8
Ng4 47.Qd4 Qxh2+ 48.Kf1 Qh3+ 49.Ke2 Qg2+ 50.Kd1 Qh1+ 51.Ke2 Qg2+
52.Kd1 Qf3+ 53.Kd2 Qg2+ 1/2-1/2

[Event "IX Êóáîê Ãóáåðíàòîðà ÕÌÀÎ-Þãðû òóðíèð À"]
[Site "Õàíòû-Ìàíñèéñê, Russia"]
[Date "2013.11.30"]
[Round "3"]
[White "Øèíêåâè÷ Âèòàëèé"]
[Black "Îíèùóê Âëàäèìèð"]
[Result "1-0"]
[WhiteElo "2468"]
[BlackElo "2591"]
[Annotator ""]
[Source ""]
[Remark ""]

1.d4 d6 2.Nf3 g6 3.c4 Bg7 4.Nc3 Nf6 5.g3 O-O 6.Bg2 Nc6 7.O-O
e5 8.dxe5 dxe5 9.Bg5 Be6 10.Qa4 Qb8 11.Rfd1 Nd7 12.Qc2 f5 13.Be3
h6 14.Nd5 Rf7 15.Rac1 Nb6 16.Bc5 Qe8 17.e4 f4 18.Nh4 Kh7 19.Re1
Bf6 20.Nf3 g5 21.gxf4 gxf4 22.Kh1 Bg4 23.b4 Qe6 24.b5 Na5 25.Bxb6
axb6 26.c5 Rg8 27.Rg1 c6 28.Nxf6+ Qxf6 29.Qc3 cxb5 30.Nxe5 b4
31.Qa1 Rfg7 32.Nxg4 Qxa1 33.Rxa1 Rxg4 34.cxb6 Nc4 35.e5 Nxb6
36.Be4+ Kh8 37.Rxg4 Rxg4 38.Rb1 Nd7 39.e6 Nf6 40.Bf3 Rg5 41.Rxb4
b5 42.Rxf4 Kg7 43.e7 Re5 44.Bc6 Rxe7 45.Bxb5 Nd5 46.Rd4 Nc3 47.a4
Kf6 48.Kg2 Ke5 49.Rg4 Rf7 50.Bc6 Rc7 51.Bb5 Rf7 52.f3 Rb7 53.Rc4
Nd5 54.Re4+ Kf5 55.Kf2 Ra7 56.Bd3 Kf6 57.Rh4 Ke5 58.Re4+ Kf6
59.Bb5 Kf5 60.Rh4 Kg5 61.Rd4 Nc3 62.Ke3 Kf5 63.Kd3 Nd1 64.Kd2
Nf2 65.Ke2 Nh1 66.Kf1 Rc7 67.Bc4 Re7 68.a5 Re3 69.Kg2 1-0

[Event "IX Êóáîê Ãóáåðíàòîðà ÕÌÀÎ-Þãðû òóðíèð À"]
[Site "Õàíòû-Ìàíñèéñê, Russia"]
[Date "2013.11.30"]
[Round "3"]
[White "Êàíòåð Ýäóàðä"]
[Black "Þäèí Ñåðãåé"]
[Result "1/2-1/2"]
[WhiteElo "2407"]
[BlackElo "2548"]
[Annotator ""]
[Source ""]
[Remark ""]

1.d4 d5 2.Nf3 c6 3.c4 e6 4.g3 dxc4 5.Bg2 b5 6.O-O Bb7 7.Ne5 Nf6
8.Nc3 Qc8 9.b3 b4 10.Na4 c3 11.a3 Nbd7 12.axb4 Bxb4 13.Ba3 Bxa3
14.Rxa3 O-O 15.Nc5 Nxc5 16.dxc5 Rd8 17.Qc1 Nd5 18.Nc4 Ba6 19.Re1
Bxc4 20.bxc4 Ne7 21.Qxc3 Qc7 22.Ra6 h6 23.Rea1 Rd7 24.Bf3 f5
25.Qa5 Qxa5 26.R1xa5 Rc7 27.e4 fxe4 28.Bxe4 Kf7 29.Ra3 g5 30.Rf3+
Kg7 31.Rd3 Rb8 32.Rd6 Rb4 33.Rxe6 Rxc4 34.Bxc6 Nxc6 35.Rexc6
Rxc6 36.Rxc6 a5 37.Kg2 a4 38.Ra6 a3 39.Rxa3 Rxc5 40.Ra6 Rc4 41.Rb6 1/2-1/2

[Event "IX Êóáîê Ãóáåðíàòîðà ÕÌÀÎ-Þãðû òóðíèð À"]
[Site "Õàíòû-Ìàíñèéñê, Russia"]
[Date "2013.11.30"]
[Round "3"]
[White "Øàðàôèåâ Àçàò"]
[Black "Ïðèäîðîæíûé Àëåêñåé"]
[Result "0-1"]
[WhiteElo "2403"]
[BlackElo "2517"]
[Annotator ""]
[Source ""]
[Remark ""]

1.d4 e6 2.c4 b6 3.a3 Ba6 4.e4 d5 5.cxd5 Bxf1 6.Kxf1 exd5 7.e5
c5 8.Nc3 Nc6 9.Nge2 Nge7 10.Nb5 Nf5 11.dxc5 Bxc5 12.b4 Be7 13.Ng3
Nh4 14.Qxd5 O-O 15.Qxd8 Rfxd8 16.Bb2 a6 17.Nc7 Rac8 18.Nxa6 Rd2
19.Rb1 Na7 20.Bc1 Ra2 21.Ne4 Nb5 22.Nd6 Bxd6 23.exd6 Nxd6 24.g3
Nhf5 25.Kg2 Rcc2 26.Rf1 Ne4 27.b5 Rxf2+ 28.Rxf2 Rxf2+ 29.Kh3
h5 30.Rb4 Re2 31.Rb2 Ng5+ 0-1

[Event "IX Êóáîê Ãóáåðíàòîðà ÕÌÀÎ-Þãðû òóðíèð À"]
[Site "Õàíòû-Ìàíñèéñê, Russia"]
[Date "2013.11.30"]
[Round "3"]
[White "Ñàäóàêàñîâà Äèíàðà"]
[Black "Áåçãîäîâ Àëåêñåé"]
[Result "1/2-1/2"]
[WhiteElo "2357"]
[BlackElo "2482"]
[Annotator ""]
[Source ""]
[Remark ""]

1.d4 d5 2.c4 e6 3.Nf3 Nf6 4.Nc3 c5 5.cxd5 cxd4 6.Qxd4 exd5 7.Bg5
Be7 8.e3 Nc6 9.Qd2 O-O 10.Rd1 Be6 11.Bd3 Ne4 12.Bxe4 dxe4 13.Qc2
Qb6 14.Bxe7 Nxe7 15.Ng5 f5 16.Nxe6 Qxe6 17.Qb3 Qxb3 18.axb3 Rfd8
19.Ke2 Nc6 20.Nb5 g6 21.Nd6 Rd7 22.Rd2 Ne5 23.f3 exf3+ 24.gxf3
Kf8 25.Rhd1 Nc6 26.h4 Re7 27.f4 a5 28.h5 Rd7 29.hxg6 hxg6 30.Rh1
Kg8 31.Rg1 Ne7 32.Rgd1 Nc6 33.Rg1 Ne7 34.Rgd1 Nc6 35.Rg1 Ne7
36.Rgd1 Nc6 37.Rg1 1/2-1/2

[Event "IX Êóáîê Ãóáåðíàòîðà ÕÌÀÎ-Þãðû òóðíèð À"]
[Site "Õàíòû-Ìàíñèéñê, Russia"]
[Date "2013.11.30"]
[Round "3"]
[White "Ñþãèðîâ Ñàíàí"]
[Black "Îïàðèí Ãðèãîðèé"]
[Result "1-0"]
[WhiteElo "2641"]
[BlackElo "2520"]
[Annotator ""]
[Source ""]
[Remark ""]

1.e4 c5 2.Nf3 d6 3.d4 cxd4 4.Nxd4 Nf6 5.Nc3 a6 6.Be3 e5 7.Nb3
Be6 8.f3 h5 9.Qd2 Nbd7 10.Be2 Be7 11.a4 Rc8 12.a5 Qc7 13.O-O
O-O 14.Rfc1 Qc6 15.Rd1 Rfd8 16.Rac1 Nc5 17.Nd5 Bxd5 18.exd5 Qc7
19.Nxc5 dxc5 20.c4 g6 21.Bg5 Ne8 22.Bxe7 Qxe7 23.Qe3 Qf6 24.Bd3
Qf4 25.Re1 Qd4 26.Qxd4 exd4 27.Re7 Nd6 28.Rce1 Kf8 29.Kf2 Rb8
30.Rc7 b5 31.axb6 Rxb6 32.Rxc5 Rb3 33.Rd1 Rxb2+ 34.Kg3 a5 35.Rxa5
Rc8 36.Ra4 Rb3 37.Kf4 Nb7 38.Ra7 Nc5 39.Bf1 d3 40.Ke5 Kg7 41.d6
Ne6 42.Bxd3 Rc5+ 43.Ke4 Kf6 44.f4 g5 45.g3 gxf4 46.gxf4 Rc6 47.Be2
Rb2 48.Ke3 Rb3+ 49.Kf2 Rb2 50.Kf1 Rc5 51.d7 Nd8 52.Ra8 Ke7 53.Re1
Rd2 54.Bxh5+ Kxd7 55.Bg4+ f5 56.Ra7+ Kc8 57.Ree7 Kb8 58.Bf3 Nc6
59.Rab7+ 1-0

[Event "IX Êóáîê Ãóáåðíàòîðà ÕÌÀÎ-Þãðû òóðíèð À"]
[Site "Õàíòû-Ìàíñèéñê, Russia"]
[Date "2013.11.30"]
[Round "3"]
[White "Ñòóêîïèí Àíäðåé"]
[Black "Êîðíååâ Îëåã"]
[Result "0-1"]
[WhiteElo "2509"]
[BlackElo "2637"]
[Annotator ""]
[Source ""]
[Remark ""]

1.e4 e5 2.Nf3 Nc6 3.Bc4 Bc5 4.O-O Nf6 5.d3 O-O 6.h3 d6 7.c3 a6
8.Bb3 Ba7 9.Re1 h6 10.Nbd2 Nh5 11.Nf1 Qf6 12.Be3 Bxe3 13.fxe3
g6 14.Re2 Bxh3 15.Rf2 Be6 16.Nd4 Bxb3 17.Qxb3 Nxd4 18.cxd4 Qg5
19.dxe5 Qxe5 20.Qxb7 Qb5 21.Qd5 c6 22.Qd4 Ng7 23.a4 Qe5 24.Rc1
Rfc8 25.Rfc2 Ne6 26.Qxe5 dxe5 27.Rxc6 Rxc6 28.Rxc6 Rb8 29.Nd2
Rxb2 30.Nc4 Ra2 31.a5 h5 32.Rxa6 g5 33.Nxe5 g4 34.Kh2 Nc5 35.Ra7
f6 36.Nd7 Nxd7 37.Rxd7 h4 38.Rd4 h3 39.Kh1 Ra1+ 40.Kh2 Ra2 41.Kh1
Rxg2 42.Ra4 g3 43.a6 Rh2+ 44.Kg1 Rf2 45.Ra1 h2+ 46.Kh1 g2+ 0-1

[Event "IX Êóáîê Ãóáåðíàòîðà ÕÌÀÎ-Þãðû òóðíèð À"]
[Site "Õàíòû-Ìàíñèéñê, Russia"]
[Date "2013.11.30"]
[Round "3"]
[White "Ãîðäèåâñêèé Äìèòðèé"]
[Black "Äæóìàáàåâ Ðèíàò"]
[Result "0-1"]
[WhiteElo "2448"]
[BlackElo "2561"]
[Annotator ""]
[Source ""]
[Remark ""]

1.d4 Nf6 2.c4 g6 3.Nc3 d5 4.Nf3 Bg7 5.Bf4 O-O 6.Rc1 c5 7.dxc5
Be6 8.e3 Nc6 9.Ng5 Bg4 10.f3 e5 11.Bg3 d4 12.exd4 exd4 13.Nce4
Re8 14.Be2 Qa5+ 15.Kf1 Nxe4 16.Nxe4 Bf5 17.Be1 Qxa2 18.Ra1 Qxb2
19.Rb1 Qa3 20.Ra1 Qb2 21.Rb1 Qa3 22.Ra1 Qxa1 23.Qxa1 Bxe4 24.fxe4
d3 25.Bc3 dxe2+ 26.Kxe2 Rxe4+ 27.Kf3 Bxc3 28.Qxc3 Rxc4 29.Qb2
Rxc5 30.Rd1 Re8 31.h3 Re7 32.Kg3 Rce5 33.Kh2 Kg7 34.Rd3 h5 35.Rb3
b6 36.Rc3 Nd4 37.Ra3 Rd5 38.Ra4 Red7 39.Rc4 b5 40.Rc8 a5 41.Qa3
b4 42.Qe3 Ne6 43.Qb6 Rf5 44.Rc2 Rdd5 45.Qb8 Rb5 46.Qe8 Rbc5 47.Rb2
Rc1 48.Qe7 Re1 49.Rc2 b3 50.Rc8 b2 51.Qe8 Rh1+ 52.Kxh1 b1Q+ 53.Kh2
Kf6 54.Qh8+ Kg5 55.Rc4 Rf4 56.Qe5+ Qf5 57.Qe3 Kf6 0-1

[Event "IX Êóáîê Ãóáåðíàòîðà ÕÌÀÎ-Þãðû òóðíèð À"]
[Site "Õàíòû-Ìàíñèéñê, Russia"]
[Date "2013.11.30"]
[Round "3"]
[White "Øîìîåâ Àíòîí"]
[Black "Ïàñèåâ Ðàõèì"]
[Result "1-0"]
[WhiteElo "2560"]
[BlackElo "2405"]
[Annotator ""]
[Source ""]
[Remark ""]

1.d4 e6 2.e4 d5 3.Nc3 Nf6 4.e5 Nfd7 5.Qg4 c5 6.Nf3 a6 7.dxc5
Nc6 8.Be3 Ncxe5 9.Nxe5 Nxe5 10.Qg3 Nc6 11.O-O-O Qa5 12.Be2 Bd7
13.Bf3 Bxc5 14.Bxd5 Bxe3+ 15.Qxe3 O-O 16.Be4 Rfd8 17.Rd2 Ne5
18.Rd4 Bc6 19.Rhd1 Bxe4 20.Qxe4 Rxd4 21.Rxd4 Qc7 22.f4 Nc6 23.Rd3
Rd8 24.g3 Rxd3 25.Qxd3 Qb6 26.b3 g6 27.Ne4 Qa5 28.a4 Qb4 29.Kb2
h5 30.c3 Qb6 31.b4 Qg1 32.Qd2 Qf1 33.Nc5 b6 34.Nd7 Ne7 35.Nxb6
Nf5 36.Nd7 Qg1 37.Qe2 Ne3 38.Ne5 Nd1+ 39.Kc2 Ne3+ 40.Kb2 Nd1+
41.Kb3 Nf2 42.Ka2 Qxh2 43.Nd3 Qxg3 44.Nxf2 Qxc3 45.b5 axb5 46.axb5
h4 47.Qd3 Qb4 48.Nh3 Qa4+ 49.Kb2 Qb4+ 50.Qb3 Qd2+ 51.Kb1 Qe1+
52.Kc2 Qe4+ 53.Kc3 e5 54.Qxf7+ Kxf7 55.Ng5+ Ke7 56.Nxe4 exf4
57.Ng5 1-0

[Event "IX Êóáîê Ãóáåðíàòîðà ÕÌÀÎ-Þãðû òóðíèð À"]
[Site "Õàíòû-Ìàíñèéñê, Russia"]
[Date "2013.11.30"]
[Round "3"]
[White "Þôôà Äàíèèë"]
[Black "Áåëÿêîâ Áîãäàí"]
[Result "1-0"]
[WhiteElo "2368"]
[BlackElo "2454"]
[Annotator ""]
[Source ""]
[Remark ""]

1.d4 Nf6 2.c4 g6 3.Nc3 Bg7 4.g3 O-O 5.Bg2 d6 6.Nf3 Nc6 7.O-O
a6 8.Bf4 Bf5 9.Rc1 Ne4 10.Nxe4 Bxe4 11.d5 Nb8 12.Qd2 c5 13.Rfe1
Nd7 14.Bf1 Bxf3 15.exf3 Ne5 16.Kg2 b5 17.Bg5 bxc4 18.f4 f6 19.Bh4
g5 20.fxe5 gxh4 21.e6 f5 22.Rxc4 Qb6 23.b3 hxg3 24.hxg3 Rf6 25.Rh4
Qb7 26.Bc4 Qb4 27.Qxb4 cxb4 28.Bd3 a5 29.Rc1 f4 30.Bxh7+ Kf8
31.Bd3 fxg3 32.fxg3 Rh6 33.Rg4 Rh5 34.Bg6 Rh6 35.Rf1+ Kg8 36.Rf7
Bf6 37.Rxf6 exf6 38.Bf7+ Kh8 39.e7 Rh7 40.Rh4 1-0

[Event "IX Êóáîê Ãóáåðíàòîðà ÕÌÀÎ-Þãðû òóðíèð À"]
[Site "Õàíòû-Ìàíñèéñê, Russia"]
[Date "2013.11.30"]
[Round "3"]
[White "Àðñëàíîâ Øàìèëü"]
[Black "Ñàðàíà Àëåêñåé"]
[Result "1/2-1/2"]
[WhiteElo "2411"]
[BlackElo "2261"]
[Annotator ""]
[Source ""]
[Remark ""]

1.d4 Nf6 2.c4 e6 3.g3 Bb4+ 4.Bd2 Be7 5.Bg2 d5 6.Nf3 O-O 7.O-O
c6 8.Qc2 b6 9.Rd1 Nbd7 10.Bf4 Bb7 11.Nc3 dxc4 12.Nd2 Nd5 13.Nxc4
Nxf4 14.gxf4 Qc7 15.e3 c5 16.d5 exd5 17.Bxd5 Nf6 18.Bxb7 Qxb7
19.Ne5 b5 20.a4 b4 21.Nb1 Rad8 22.Nd2 Bd6 23.Nec4 Qc8 24.Ne4
Be7 25.Ng3 Qh3 26.f3 g6 27.Rxd8 Rxd8 28.Rd1 Re8 29.b3 Nh5 30.Nxh5
Qxh5 31.Qe4 Qh4 32.Kg2 Kf8 33.Ne5 Kg7 34.Rd7 Rd8 35.Qd5 Qf6 36.Rxd8
Bxd8 37.Qxc5 Bb6 38.Qc6 Qxc6 39.Nxc6 Bxe3 40.Nxb4 Bxf4 41.Nd5
Bd6 42.b4 Kf8 43.b5 Ke8 44.f4 Kd7 45.Kf3 Ke8 46.Ke4 Bc5 47.Nc7+
Kd7 48.Na6 Bd6 49.h3 f5+ 50.Kd5 Bxf4 51.Nc5+ Kc8 52.Ne6 Bd2 53.Nf8
Bb4 54.Nxh7 Be7 55.a5 g5 56.b6 a6 57.Ke5 f4 58.Ke4 Kb7 59.Kf3
Kc6 60.Ke4 Kb7 61.Kf3 Ka8 62.Ke4 Kb8 63.Kf3 Kc8 64.Ke4 Kd8 65.Kf3
Kd7 66.Ke4 Kc6 67.Kf3 Kd7 68.Ke4 Kd6 69.Kf3 Kc6 70.Ke4 Kb7 71.Kf3
Kc8 72.Ke4 Kd7 73.Kf3 1/2-1/2

[Event "IX Êóáîê Ãóáåðíàòîðà ÕÌÀÎ-Þãðû òóðíèð À"]
[Site "Õàíòû-Ìàíñèéñê, Russia"]
[Date "2013.12.01"]
[Round "4"]
[White "Õèñìàòóëëèí Äåíèñ"]
[Black "Ôåäîñååâ Âëàäèìèð"]
[Result "1-0"]
[WhiteElo "2674"]
[BlackElo "2597"]
[Annotator ""]
[Source ""]
[Remark ""]

1.c4 Nf6 2.Nf3 e6 3.d4 b6 4.g3 Bb7 5.Bg2 Bb4+ 6.Bd2 Bxd2+ 7.Qxd2
O-O 8.Nc3 d5 9.cxd5 exd5 10.O-O Qe7 11.Rac1 c5 12.dxc5 bxc5 13.Nh4
Qd7 14.Rfd1 d4 15.Na4 Bxg2 16.Nxc5 Qh3 17.f3 Bxf3 18.exf3 Nc6
19.Qg5 h6 20.Qf5 Qxf5 21.Nxf5 Rfd8 22.Nd3 Na5 23.b4 Nb7 24.Ne5
Re8 25.f4 Nd8 26.Nd6 Rf8 27.Rxd4 Ne6 28.Rdd1 g5 29.fxg5 Nxg5
30.Kg2 Nge4 31.Nf5 Rab8 32.Nc6 Rb5 33.a4 Rb6 34.Nxh6+ Kh7 35.Nf5
Re8 36.Nd6 Nxd6 37.Rxd6 Kg7 38.Kf3 a6 39.Rc4 Re1 40.Nd4 Rxd6
41.Nf5+ Kg6 42.Nxd6 Nd5 43.Rd4 Nc3 44.b5 axb5 45.Nxb5 Na2 46.Nd6
Rf1+ 47.Kg2 Ra1 48.Rg4+ Kf6 49.Rf4+ Kg6 50.Rf1 Rxf1 51.Kxf1 Nb4
52.a5 f5 53.Ke2 Kf6 54.h4 Ke5 55.Nc4+ Kd5 56.Ne3+ Ke5 57.h5 1-0